| 000 | 00550cam a2200193ua 4500 | ||
|---|---|---|---|
| 001 | 3326 | ||
| 005 | 20260515113649.0 | ||
| 008 | 111017n ii |||gr||||Z||||||asm | ||
| 040 | _cMAIN | ||
| 082 | _a891.4513 | ||
| 100 | 1 |
_aMalik, Seyed Abdul, _eAuthor. |
|
| 245 | 1 | 1 |
_aPahumara habir baat, jatuka patar dare aru aognigarva _cby Seyed Abdul Malik |
| 250 | _a2nd. | ||
| 260 |
_aGuahati: _bLBS Publication,989. |
||
| 300 |
_a255p: _c23cm. |
||
| 653 | _aAssamese novel | ||
| 653 | _aPahumara habir baat, jatuka patar dare aru aognigarva | ||
| 942 | _cBK | ||
| 999 |
_c3169 _d3169 |
||